|
|
|
|
| LEADER |
01725nam a2200313 a 4500 |
| 001 |
4312466 |
| 008 |
091208s1987 enk b 000 0 eng d |
| 010 |
|
|
|a \\\87007853
|
| 020 |
|
|
|a 019282080X (pbk.) :
|c $9.95
|
| 040 |
|
|
|a DLC
|c DLC
|d DLC
|d BD-DhAAL
|
| 082 |
0 |
0 |
|a 363.7
|2 19
|
| 245 |
0 |
0 |
|a Our common future /
|c World Commission on Environment and Development.
|
| 260 |
|
|
|a Oxford ;
|a New York :
|b Oxford University Press,
|c 1987.
|
| 300 |
|
|
|a xv, 383 pages ;
|c 21 cm.
|
| 490 |
0 |
|
|a Oxford paperbacks
|
| 504 |
|
|
|a Includes bibliographies.
|
| 541 |
1 |
|
|e 00003774, 36720
|a Complimentary copy from Professor Dr. Nasreen Khundker
|
| 650 |
|
0 |
|a Sustainable development.
|9 37565
|
| 650 |
|
0 |
|a Nature
|x Effect of human beings on.
|9 37566
|
| 650 |
|
0 |
|a Environmental policy.
|9 37567
|
| 650 |
|
0 |
|a Human ecology.
|9 37568
|
| 710 |
2 |
|
|a World Commission on Environment and Development.
|9 37569
|
| 852 |
4 |
|
|a Ayesha Abed Library
|j General shelf
|
| 942 |
|
|
|2 ddc
|c BK
|
| 999 |
|
|
|c 6132
|d 6132
|
| 952 |
|
|
|0 0
|1 0
|2 ddc
|4 0
|6 363_700000000000000_OUR_1987
|7 0
|9 6121
|a BRACUL
|b BRACUL
|c GEN
|d 2009-12-15
|g 429.00
|l 0
|o 363.7 OUR
|p 3010003774
|r 2009-12-15
|t 1
|w 2009-12-15
|y BK
|
| 952 |
|
|
|0 0
|1 0
|2 ddc
|4 0
|6 363_700000000000000_OUR_1987
|7 0
|9 6129
|a BRACUL
|b BRACUL
|c GEN
|d 2009-12-15
|g 0.00
|l 0
|o 363.7 OUR
|p 3010004517
|r 2009-12-15
|t 2
|w 2009-12-15
|y BK
|x No price found in the accession register.
|
| 952 |
|
|
|0 0
|1 0
|2 ddc
|4 0
|6 363_700000000000000_OUR_1987
|7 0
|9 7502
|a BRACUL
|b BRACUL
|c GEN
|d 2010-01-26
|g 654.50
|l 0
|o 363.7 OUR
|p 3010004593
|r 2010-01-26
|t 3
|w 2010-01-26
|y BK
|
| 952 |
|
|
|0 0
|1 0
|2 ddc
|4 0
|6 363_700000000000000_OUR
|7 0
|9 67379
|a BRACUL
|b BRACUL
|c GEN
|d 2019-12-08
|e Complimentary copy from Professor Dr. Nasreen Khundker.
|l 2
|m 10
|o 363.7 OUR
|p 3010036720
|r 2022-12-28
|s 2022-12-15
|t 4
|w 2019-12-08
|y BK
|